¿Es necesaria la izquierda? /

Guardado en:
Bibliografiske detaljer
Hovedforfatter: Bartra, Roger
Format: Texto
Tags: Tilføj Tag
Ingen Tags, Vær først til at tagge denne postø!

MARC

LEADER 00000 a a2200000 04500
001 46593
003
040
100 |a Bartra, Roger  
245 |a ¿Es necesaria la izquierda? /  |c Roger Bartra  
773 |g páginas 213-225  
999 |c 32646  |d 32646